Statistics for Top 25 NHL Goalies of All Time

Click here to take the quiz!

General Stats

  • This quiz has been taken 39 times
    (37 since last reset)
  • The average score is 11 of 25

Answer Stats

#TeamCareerPlayer% Correct
1Canadiens1985-2003Patrick Roy
97%
2Sabres1991-2008Dominik Hašek
88%
9Devils1992-2015Martin Brodeur
88%
24Penguins*2004-PresentMarc-André Fleury
79%
16Rangers2006-2020Henrik Lundqvist
71%
7Canadiens1953-1975Jacques Plante
65%
11Canadiens1971-1979Ken Dryden
62%
4Black Hawks1969-1984Tony Esposito
62%
5Panthers2000-2019Roberto Luongo
59%
8Red Wings1950-1970Terry Sawchuk
47%
14Flyers1966-1979Bernie Parent
44%
17Blues1990-2009Curtis Joseph
44%
10Black Hawks1953-1971Glenn Hall
44%
22Maple Leafs1954-1970Johnny Bower
44%
20Islanders1972-1989Billy Smith
41%
12Maple Leafs1937-1952Turk Broda
38%
6Canadiens1944-1950Bill Durnan
26%
15Rangers1953-1974Gump Worsley
26%
23Rangers1982-2002John Vanbiesbrouck
26%
25Predators1997-2013Tomáš Vokoun
21%
21Bruins1929-1940Tiny Thompson
18%
13Canadiens1927-1937George Hainsworth
15%
19Bruins1939-1950Frank Brimsek
12%
3Maroons1918-1930Clint Benedict
9%
18Senators1925-1937Alec Connell
6%

Score Distribution

Percentile by Number Answered

Percent of People with Each Score

Your Score History

You have not taken this quiz since the last reset